Normal view
MARC view
- RADAR.RADAR-MATHEMATICAL MODELS
Entry Topical Term
001 - CONTROL NUMBER
- control field: 56672
003 - CONTROL NUMBER IDENTIFIER
- control field: NUST
005 - DATE AND TIME OF LATEST TRANSACTION
- control field: 20210628201744.0
008 - FIXED-LENGTH DATA ELEMENTS
- fixed length control field: 210628|| aca||aabn | a|a d
040 ## - CATALOGING SOURCE
- Original cataloging agency: NUST
- Transcribing agency: NUST
150 ## - HEADING--TOPICAL TERM
- Topical term or geographic name entry element: RADAR.RADAR-MATHEMATICAL MODELS
670 ## - SOURCE DATA FOUND
- Source citation: Work cat.: (NUST): Curry, G.Richard 56671, Radar system performance modelling, 2005
